00454nam a2200181Ia 450000500170000000800410001704000190005804100120007708200130008924500490010226000260015130000100017744000210018763000110020865000220021965100210024185000100026220240509103343.0131103s9999 xx 000 0 und d aLoreto College aEnglish a428bGOL aNotes on William Golding's Lord of the flies aLondonbMethuenc1964 a37p.  aStudy-aid Series aReader aGolding, William  aEnglish language aLCBED